| 000 | 00475 a2200181 4500 | ||
|---|---|---|---|
| 005 | 20260313123220.0 | ||
| 008 | 260313b |||||||| |||| 00| 0 eng d | ||
| 020 |
_a9789371267144 _cRs. 395.00 |
||
| 040 | _aMAIN | ||
| 082 |
_a343.54099 _bT199I |
||
| 100 | _aTaxmann Bare Act | ||
| 245 | _aInformation technology act 2000 with rules | ||
| 260 |
_bTaxmann Publications _c2025 _aNew Delhi |
||
| 300 | _av . | ||
| 650 | _aLaw | ||
| 650 | _aPublic Law-India | ||
| 942 | _cBK | ||
| 999 |
_c396326 _d396326 |
||